| 000 | 00375nam a2200145Ia 4500 | ||
|---|---|---|---|
| 008 | 230312s9999||||xx |||||||||||||| ||und|| | ||
| 020 | _a0072899816 | ||
| 082 |
_a005.746 _bMAL-D |
||
| 100 | _aMorris,Coronel | ||
| 245 | 0 | _aDatabase systems : design, implementation, and management | |
| 260 |
_bMcgraw hill _c2000 |
||
| 300 | _a664 | ||
| 650 |
_aComputer _vData |
||
| 942 | _cBK | ||
| 999 |
_c16206 _d16206 |
||